Normal view MARC view
  • Jutte, Wolfgang

Entry NOMBRE PERSONAL

Number of records used in: 1

001 - NUMERO DE CONTROL DEL REGISTRO

  • Campo de control: 190129

003 - IDENTIFICADOR DEL NÚMERO DE CONTROL

  • Campo de control: ES-SlBCS

005 - FECHA Y HORA DE LA ÚLTIMA TRANSACCIÓN

  • Campo de control: 20210327224951.0

008 - ELEMENTOS DE LONGITUD FIJA

  • Campos de control de longitud fija: 210327|| aca||aabn | a|a d

040 ## - FUENTE DE LA CATALOGACIÓN

  • Agencia que crea de manera original el registro: ES-SlBCS
  • Agencia que realiza la transcripción: ES-SlBCS

100 ## - ENCABEZAMIENTO - NOMBRE PERSONAL

  • Nombre personal: Jutte, Wolfgang

670 ## - FUENTE EN LA QUE SE LOCALIZARON DATOS

  • Cita de la fuente: Work cat.: (ES-SlBCS)571070: Jutte, Wolfgang, Multimediales Lernen als Anforderung zukunftsorientierter Erwachsenenbildung (Los nuevos medios como exigencias para la educación de adultos orientada hacia el futuro)

Bibliotecas Dominicos Provincia Hispania, 2016

Con tecnología Koha